ARRUPE JESUIT UNIVERSITY

CORONAVIRUS -STOP THE SPREAD - CLEAN,DISINFECT,COVER

Guzman, go home, (Record no. 118516)

MARC details
000 -LEADER
fixed length control field 00835cam a2200289 4500
001 - CONTROL NUMBER
control field 284081
003 - CONTROL NUMBER IDENTIFIER
control field ARRUPE
005 - DATE AND TIME OF LATEST TRANSACTION
control field 20131105164534.0
008 - FIXED-LENGTH DATA ELEMENTS--GENERAL INFORMATION
fixed length control field 841214r19691968nyu 000 1 eng
010 ## - LIBRARY OF CONGRESS CONTROL NUMBER
LC control number 71078687
035 ## - SYSTEM CONTROL NUMBER
System control number (OCoLC)26099
035 ## - SYSTEM CONTROL NUMBER
System control number (OCoLC)ocm00026099
035 ## - SYSTEM CONTROL NUMBER
System control number (CStRLIN)NYCG84-B88875
035 ## - SYSTEM CONTROL NUMBER
System control number (NNC)284081
040 ## - CATALOGING SOURCE
Modifying agency NNC
Transcribing agency ddd
050 0# - LIBRARY OF CONGRESS CALL NUMBER
Classification number PZ4.S5723
Item number Gu3
Classification number PR6037.I55
082 ## - DEWEY DECIMAL CLASSIFICATION NUMBER
Classification number 823/.9/14
090 ## - LOCALLY ASSIGNED LC-TYPE CALL NUMBER (OCLC); LOCAL CALL NUMBER (OCLC)
Classification number (OCLC) (R) ; Classification number, CALL (RLIN) (NR) PR6037.I55
Local cutter number (OCLC) ; Book number/undivided call number, CALL (RLIN) G8 1969
300 ## - PHYSICAL DESCRIPTION
Dimensions 22 cm.
100 1# - MAIN ENTRY--PERSONAL NAME
Personal name Sillitoe, Alan.
9 (RLIN) 3259
245 10 - TITLE STATEMENT
Title Guzman, go home,
Remainder of title and other stories.
250 ## - EDITION STATEMENT
Edition statement [1st ed.]
260 ## - PUBLICATION, DISTRIBUTION, ETC. (IMPRINT)
Place of publication, distribution, etc Garden City, N.Y.,
Name of publisher, distributor, etc Doubleday,
Date of publication, distribution, etc 1969 [c1968]
300 ## - PHYSICAL DESCRIPTION
Extent 192 p.
505 0# - FORMATTED CONTENTS NOTE
Formatted contents note Revenge.--Chicken.--Canals.--The road.--The rope trick.--Isaac Starbuck.--Guzman, go home.
942 ## - ADDED ENTRY ELEMENTS (KOHA)
Source of classification or shelving scheme Library of Congress Classification
Koha item type Monograph ( Printed materials)
Holdings
Withdrawn status Lost status Source of classification or shelving scheme Damaged status Not for loan Home library Current library Date acquired Total Checkouts Full call number Barcode Date last seen Price effective from Koha item type
    Library of Congress Classification     ARRUPE LIBRARY ARRUPE LIBRARY 05/11/2013   PR6037.I55G8 1970 46411183 05/11/2013 05/11/2013 Monograph ( Printed materials)

 

Arrupe Library. PO Box MP320 Mt Pleasant, Harare, Zimbabwe
263 242 745411|librarian@aju.ac.zw